000
00441nam a2200133Ia 4500
008
100328s9999 xx 000 0 und d
082
_b
30359
100
_a
गांधी मो. क.
245
_a
सत्याग्रह-विचार (4)
260
_b
गांाी वाङेमय
630
_a
सत्याग्रह-विचार (4)
730
_a
सत्याग्रह-विचार (4)
942
_c
BOOK
999
_c
521333
_d
521330